000 nam a22 7a 4500
999 _c9227
_d9227
008 180124b ||||| |||| 00| 0 eng d
100 _aPadmavati. S
_95485
245 _aHeart Diseases in the layman
260 _aNew Delhi
_bArya Publication
_c2005